Biblioteka Instytutu Północnego w Olsztynie

W przededniu stanu wojennego : czerwiec-grudzień 1981 / (Rekord nr 27907)

Szczegóły MARC
000 -Nagłówek
fixed length control field 02868cam a2200637 i 4500
001 - Nr kontrolny bibl., która utworzyła rek.
control field xx004927987
003 - Siglum bibl., której nr kontr. jest w 001
control field NUKAT
005 - Data i czas ostatniej operacji
control field 20260430140215.0
008 - Elementy pola stałej długości
fixed length control field 200819s2020 pl |001 0 pol c
020 ## - ISBN
ISBN 9788380989221
dopowiedzenie (oprawa twarda) :
warunki dostępności zł 45,00
035 ## - Systemowy numer kontrolny
systemowy numer kontrolny (OCoLC)1241602931
035 ## - Systemowy numer kontrolny
systemowy numer kontrolny (NUKAT)xx004927987
040 ## - Instytucja sporządzająca opis
Instytucja, która sporządziła opis Ł U/GS
język katalgowania-trzyzn. kod pol
zasady opisu rda
Instytucja, która sporządziła rekord Ł U/GS
Instytucja, która zmodyfikowała rekord Ł U/GS
-- WR U/KPs
-- GD U/AEKs
-- Ł U/JŁs
-- Ł U/GS
-- WA 14/MBs
-- OLSZT 008/bak
045 0# - Okres czasu dla zawartości
czas między r. 9999 pne a nasz. czas. d1981
046 ## - Kod rodz. daty, data1, data2 (daty pne)
Begin/single date 2020
Single or starting date for aggregated content 1981
099 ## - Dowolny opis lokalny sygnatury
symbol klasyfikacji ja2020007839
100 1# - Hasło główne-nazwa osobowa
Nazwa osobowa Jaskułowski, Tytus
Daty biograficzne (1976- ).
rodzaj współpracy Autor
9 (RLIN) 40675
245 10 - Tytuł właściwy i oznaczenie odpow.
tytuł W przededniu stanu wojennego : czerwiec-grudzień 1981 /
dod. inf. ze s. tyt./ozn. odpow. Tytus Jaskułowski, Filip Gańczak, Konrad Knoch, Piotr Abryszeński, Ewa Pejaś ; Instytut Pamięci Narodowej. Komisja Ścigania Zbrodni przeciwko Narodowi Polskiemu.
246 3# - Inne formy tytułu, wariant tytułu
tytuł W przededniu stanu wojennego :
cd. tytułu czerwiec-grudzień 1981
260 ## - Adres wydawniczy
miejsce wydania, dystrybucji itp. Szczecin ;
-- Warszawa :
nazwa wydawcy, dystrybutora itp. Instytut Pamięci Narodowej. Komisja Ścigania Zbrodni Przeciwko Narodowi Polskiemu,
data wydania, dystrybucji itp. 2020.
300 ## - Opis fizyczny
objętość i/lub forma materiału 583 strony ;
format 25 cm.
336 ## - Content Type
Term Tekst
Code txt
Source rdacontent
337 ## - Media Type
Term Bez urządzenia pośredniczącego
Code n
Source rdamedia
338 ## - Carrier Type
Term Wolumin
Code nc
Source rdacarrier
380 ## - Form of work
Form of work Książki
380 ## - Form of work
Form of work Publikacje naukowe
388 1# - TIME PERIOD OF CREATION
Time period of creation term 1901-2000
388 1# - TIME PERIOD OF CREATION
Time period of creation term 1945-1989
388 1# - TIME PERIOD OF CREATION
Time period of creation term 2001-
490 1# - Tytuł serii i ks. wielotom.-nie do wysz.
oznaczenie serii Raporty Polskie Stasi ;
numer woluminu T. 1
504 ## - Uwaga o bibliografii
uwaga o bibliografii Bibliografia na stronach 555-565. Indeks.
610 27 - Hasło przedmiotowe-nazwa ciała zbior.
nazwa ciała zbior. lub geogr. Stasi
źródło hasła DBN
9 (RLIN) 41053
610 17 - Hasło przedmiotowe-nazwa ciała zbior.
nazwa ciała zbior. lub geogr. Niemcy.
nazwa jednostki podrzędnej Ministerium für Staatssicherheit
określnik rzeczowy źródła.
źródło hasła kaba
9 (RLIN) 41054
610 17 - Hasło przedmiotowe-nazwa ciała zbior.
nazwa ciała zbior. lub geogr. Niemcy.
nazwa jednostki podrzędnej Ministerium für Staatssicherheit
określnik rzeczowy i Polska
-- źródła.
źródło hasła kaba
9 (RLIN) 41055
610 17 - Hasło przedmiotowe-nazwa ciała zbior.
nazwa ciała zbior. lub geogr. Niemcy.
nazwa jednostki podrzędnej Ministerium für Staatssicherheit
określnik rzeczowy dokumenty i korespondencja.
źródło hasła kaba
9 (RLIN) 41056
610 27 - Hasło przedmiotowe-nazwa ciała zbior.
nazwa ciała zbior. lub geogr. Niezależny Samorządny Związek Zawodowy "Solidarność"
określnik chronologiczny 1970-2000
określnik rzeczowy źródła.
źródło hasła kaba
9 (RLIN) 41057
648 #7 - SUBJECT ADDED ENTRY--CHRONOLOGICAL TERM
Chronological term 2001-
Source of heading or term DBN
9 (RLIN) 36393
650 #7 - Hasło przedmiotowe-nazwa pospolita
nazwa pospolita lub geogr. Służba bezpieczeństwa
źródło hasła DBN
9 (RLIN) 36912
650 #7 - Hasło przedmiotowe-nazwa pospolita
nazwa pospolita lub geogr. Wydarzenia w Polsce (1980-1981)
źródło hasła DBN
9 (RLIN) 39431
651 #7 - Hasło przedmiotowe-nazwa geogr.
nazwa geograficzna NRD
źródło hasła DBN
9 (RLIN) 40082
651 #7 - Hasło przedmiotowe-nazwa geogr.
nazwa geograficzna Polska
źródło hasła DBN
9 (RLIN) 35076
651 #7 - Hasło przedmiotowe-nazwa geogr.
nazwa geograficzna Polska
określnik chronologiczny 1981-1983 (Stan wojenny)
określnik formy źródła.
źródło hasła kaba
9 (RLIN) 41058
651 #7 - Hasło przedmiotowe-nazwa geogr.
nazwa geograficzna Polska
określnik rzeczowy polityka i rządy
określnik chronologiczny 1980-1989
określnik formy źródła.
źródło hasła kaba
9 (RLIN) 41059
655 #7 - Termin określający rodzaj/formę
rodzaj/forma Raport
źródło terminu DBN
9 (RLIN) 38388
655 #7 - Termin określający rodzaj/formę
rodzaj/forma Wydawnictwo źródłowe
źródło terminu DBN
9 (RLIN) 35066
658 ## - Nazwa określająca cel programu nauczania
główny cel programu nauczania Bezpieczeństwo i wojskowość
658 ## - Nazwa określająca cel programu nauczania
główny cel programu nauczania Historia
700 1# - Hasło dodatkowe - nazwa osobowa
nazwa osobowa Gańczak, Filip
daty biograficzne (1981- ).
rodzaj współpracy Autor
9 (RLIN) 41060
700 1# - Hasło dodatkowe - nazwa osobowa
nazwa osobowa Knoch, Konrad.
rodzaj współpracy Autor
9 (RLIN) 41061
700 1# - Hasło dodatkowe - nazwa osobowa
nazwa osobowa Abryszeński, Piotr
daty biograficzne (1987- ).
rodzaj współpracy Autor
9 (RLIN) 16254
700 1# - Hasło dodatkowe - nazwa osobowa
nazwa osobowa Pejaś, Ewa.
rodzaj współpracy Autor
9 (RLIN) 41062
710 2# - Hasło dodatkowe - nazwa ciała zbior.
nazwa ciała zbior. lub nazwa geogr. Instytut Pamięci Narodowej - Komisja Ścigania Zbrodni przeciwko Narodowi Polskiemu.
rodzaj współpracy Instytucja sprawcza
-- Wydawca
kod rodzaju współpracy pbl
9 (RLIN) 11792
830 #0 - Hasło dod. serii i op. ks. wielotom. -tyt
tytuł Raporty Polskie Stasi
oznaczenie tomu T. 1
9 (RLIN) 41063
920 ## - ISBN
ISBN 978-83-8098-922-1 (oprawa twarda) : zł 45,00
942 ## - ADDED ENTRY ELEMENTS (KOHA)
Source of classification or shelving scheme Dewey Decimal Classification
Koha item type pozycje dostępne na miejscu
Egzemplarze
Status wycofania Status zagubienia Klasyfikacja Status uszkodzenia Blokada wypożyczeń Kolekcja Lokalizacja macierzysta Lokalizacja bieżąca Data nabycia Numer akcesji Źródło akcesji Cena Nr inwentarzowy il. wypożyczeń Sygnatura Kod kreskowy Date last seen Price effective from Typ egz.
    Dewey Decimal Classification nieuszkodzona   książka w magazynie Biblioteka Instytutu Północnego w Olsztynie Biblioteka Instytutu Północnego w Olsztynie 30/11/2020 D-36/2020 dar 45.00 59996   59996 IPWK24100 30/04/2026 30/04/2026 pozycje dostępne na miejscu
Biblioteka Instytutu Północnego, ul. Partyzantów 87, 10-402 Olsztyn, email: biblioteka(at)ip.olsztyn.pl